| 000 | 00569nam a2200205Ia 4500 | ||
|---|---|---|---|
| 005 | 20250508164721.0 | ||
| 008 | 008 250505s9999 xx 000 0 eng d | ||
| 037 | _aTextual | ||
| 040 |
_aFEDL _beng _cFEDL |
||
| 041 |
_aeng _2eng |
||
| 084 |
_a510.285, KOS _qFEDL |
||
| 100 |
_aKosniowski Czes _9500150 |
||
| 245 | 0 | _aFun mathematics on your microcomputer | |
| 260 |
_aCambridge _bCambridge University Press _c1983 |
||
| 300 | _a195p. | ||
| 365 |
_aGBP _b11.95 |
||
| 546 | _aMACESE | ||
| 942 |
_cTEXL _h510.285, KOS |
||
| 999 |
_c1390734 _d1390734 |
||